NC State Football: Top 10 All-Time Leaders - Statistics

General Stats
  • This quiz has been taken 7 times
  • The average score is 22 of 55
Answer Stats
Category # Player Amount % Correct
Tackles 5 Payton Wilson 403
100%
Passing Yards 1 Phillip Rivers 13,484
100%
Passing Yards 4 Russell Wilson 8,545
100%
Passing Yards 2 Ryan Finley 10,501
100%
Passing Yards 9 Jacoby Brissett 5,268
83%
Interceptions T4 Woodrow Wilson 12
83%
Rushing Yards 9 Andre Brown 2,539
67%
Sacks 1 Bradley Chubb 26.0
67%
Passing Yards 6 Devin Leary 6,807
67%
Sacks 10 Drake Thomas 19.0
67%
Receiving Yards 3 Emeka Emezie 2,895
67%
Interceptions T2 Eric Williams 16
67%
Sacks 2 Mario Williams 25.5
67%
Rushing Yards 1 Ted Brown 4,602
67%
Receiving Yards 4 Thayer Thomas 2,484
67%
Receiving Yards 10 T.J. Williams 1,916
67%
Tackles 7 Vaughan Johnson 384
67%
Interceptions 1 David Amerson 18
50%
Receiving Yards 9 Jakobi Meyers 1,932
50%
Interceptions T4 Lloyd Harrison 12
50%
Rushing Yards 7 Shadrach Thornton 2,572
50%
Receiving Yards 1 Torry Holt 3,379
50%
Tackles 8 Bill Cowher 371
33%
Passing Yards 3 Jamie Barnette 9,461
33%
Receiving Yards 2 Jerricho Cotchery 3,119
33%
Rushing Yards 4 Matthew Dayes 2,856
33%
Passing Yards 5 Mike Glennon 7,411
33%
Passing Yards 8 Shane Montgomery 5,298
33%
Rushing Yards 6 Anthony Barbour 2,575
17%
Sacks 4 Art Norman 23.5
17%
Interceptions T2 Art Rooney 16
17%
Tackles 9 Billy Ray Hayes 364
17%
Sacks 5 Carl Reeves 22.5
17%
Tackles 3 Damien Covington 457
17%
Tackles 2 Dantonio Burnette 476
17%
Sacks T8 Davin Vann 20.5
17%
Tackles 6 Earl Wolff 400
17%
Receiving Yards 6 Eddie Goines 2,351
17%
Passing Yards 10 Erik Kramer 4,602
17%
Rushing Yards 2 Joe McIntosh 3,642
17%
Tackles 10 Kyle Wescoe 348
17%
Tackles 1 Levar Fisher 492
17%
Sacks T6 Manny Lawson 21.0
17%
Sacks T6 Mike Jones 21.0
17%
Receiving Yards 8 Mike Quick 1,934
17%
Receiving Yards 7 Naz Worthen 2,247
17%
Receiving Yards 5 Owen Spencer 2,441
17%
Rushing Yards 5 Ray Robinson 2,781
17%
Tackles 4 Robert Abraham 407
17%
Rushing Yards 8 Stan Fritts 2,542
17%
Passing Yards 7 Terry Harvey 5,925
17%
Rushing Yards 3 Tremayne Stephens 3,553
17%
Sacks 3 Tyler Lawrence 24.0
17%
Rushing Yards 10 Willie Burden 2,529
17%
Sacks T8 Willie Young 20.5
17%
No matching quizzes found
Score Distribution
Percent of People with Each Score
Percentile by Number Answered
Your Score History
You have not taken this quiz